000 00471nam a2200121Ia 4500
008 220620s9999||||xx |||||||||||||| ||und||
245 0 _aApplications of Calorimetry in a Wide Context
_bDifferential Scanning Calorimetry, Isothermal Titration Calorimetry and Microcalorimetry
546 _aEnglish[eng]
650 _aAnalytical chemistry
700 _aAli Elkordy, Amal
856 _uhttps://mts.intechopen.com/storage/books/2519/authors_book/authors_book.pdf
942 _cEB
999 _c26196
_d26196